| 000 | 00409nam a2200133 a 4500 | ||
|---|---|---|---|
| 001 | 000031785 | ||
| 005 | 20200930063158.0 | ||
| 008 | 110701s1977 ve 000 0 spa d | ||
| 040 |
_aDO-SdBNP _bspa _cBNPHU |
||
| 245 | 0 | 0 | _aExposición de libros de escritores venezolanos y latinoamericanos. |
| 260 |
_aVenezuela : _bBanco del Caribe, _c1977. |
||
| 300 |
_a1v. con varias paginaciones ; _c20 cm. |
||
| 049 | _aBNPD | ||
| 999 |
_c31277 _d31277 |
||